[Event "Sibiria Region-ch Seniors"]
[Site "Prokopevsk"]
[Date "2012.03.18"]
[Round "7"]
[White "Izmailov, Anatoly"]
[Black "Kuznetsova, Luba"]
[Result "1-0"]
[WhiteElo "1973"]
[BlackElo "2081"]
[PlyCount "67"]
[EventDate "2012.03.12"]
[EventType "swiss"]
[EventRounds "9"]
[EventCountry "RUS"]
[SourceTitle "EXT 2013"]
[Source "ChessBase"]
[SourceDate "2012.11.22"]
[SourceVersion "1"]
[SourceVersionDate "2012.11.22"]
[SourceQuality "1"]

1. Nc3 d5 2. e4 dxe4 3. Nxe4 Bf5 4. Ng3 Bg6 5. d4 e6 6. Bb5+ c6 7. Ba4 Nf6 8. Nf3 h6 9. 0-0 Bd6 10. Nh4 Bh7 11. f4 0-0 12. f5 e5 13. Be3 Nbd7 14. Bb3 exd4 15. Bxd4 Bc5 16. c3 Qb6 17. Rf4 Rad8 18. Kh1 Bxd4 19. cxd4 Rfe8 20. Qf3 Qa5 21. Rd1 Re1+ 22. Nf1 Rxd1 23. Qxd1 Rc8 24. Qd3 Re8 25. h3 Nd5 26. Rf3 N7f6 27. Kh2 Qc7+ 28. g3 Qe7 29. Rf2 Nb4 30. Qc4 b5 31. Qc3 a5 32. Ng6 Qe4 33. Ne5 Bxf5 34. Rxf5 1-0

[Event "Novokuznetsk-ch op"]
[Site "Novokuznetsk"]
[Date "2010.11.27"]
[Round "4"]
[White "Izmailov, Anatoly"]
[Black "Parygin, Dmitriy"]
[Result "0-1"]
[WhiteElo "1984"]
[BlackElo "1898"]
[PlyCount "88"]
[EventDate "2010.11.14"]
[EventType "swiss"]
[EventRounds "9"]
[EventCountry "RUS"]
[SourceTitle "EXT 2022"]
[Source "ChessBase"]
[SourceDate "2021.10.06"]
[SourceVersion "1"]
[SourceVersionDate "2021.10.06"]
[SourceQuality "1"]

1. d4 d5 2. c4 Bf5 3. Nc3 e6 4. Qb3 Nc6 5. cxd5 exd5 6. Nf3 Nb4 7. e4 dxe4 8. a3 Nd3+ 9. Bxd3 exd3 10. Ne5 Bg6 11. Qxb7 Bd6 12. Qc6+ Ke7 13. 0-0 Bxe5 14. dxe5 Rb8 15. Bg5+ f6 16. Nd5+ Kf7 17. exf6 gxf6 18. Bh4 Be4 19. Qxc7+ Qxc7 20. Nxc7 Rb7 21. Na6 Rxb2 22. Nc5 Bf5 23. Rfd1 d2 24. f3 Ne7 25. g4 Bg6 26. Nd7 Nd5 27. Bf2 Re8 28. g5 Nc3 29. Nxf6 Re2 30. Kf1 Bd3 31. Kg1 Bc2 32. Rxd2 Rxd2 33. Be1 Rd1 34. Rxd1 Nxd1 35. h4 Bf5 36. Bb4 Ne3 37. Bc5 Ng2 38. h5 a6 39. Nd5 Nh4 40. f4 Bh3 41. g6+ hxg6 42. hxg6+ Kxg6 43. f5+ Kf7 44. Bd6 Nf3+ 0-1

[Event "Novokuznetsk-ch op"]
[Site "Novokuznetsk"]
[Date "2007.11.24"]
[Round "1"]
[White "Epifantsev, Igor"]
[Black "Izmailov, Anatoly"]
[Result "1-0"]
[WhiteElo "2185"]
[BlackElo "1998"]
[PlyCount "41"]
[EventDate "2007.11.24"]
[EventType "swiss"]
[EventRounds "9"]
[EventCountry "RUS"]
[SourceTitle "EXT 2022"]
[Source "ChessBase"]
[SourceDate "2021.10.06"]
[SourceVersion "1"]
[SourceVersionDate "2021.10.06"]
[SourceQuality "1"]

1. e4 e5 2. Nf3 Nc6 3. Bb5 Bc5 4. 0-0 d6 5. c3 Bg4 6. d4 exd4 7. cxd4 Bxf3 8. gxf3 Bb4 9. Qa4 a5 10. a3 Kf8 11. Bxc6 bxc6 12. axb4 Qf6 13. Qxc6 Re8 14. e5 Qg6+ 15. Kh1 f5 16. exd6 cxd6 17. Bf4 Ne7 18. Bxd6 Qh5 19. Nd2 Kf7 20. Qc4+ Kg6 21. Qe6+ 1-0

[Event "Novokuznetsk-ch op"]
[Site "Novokuznetsk"]
[Date "2007.11.24"]
[Round "6"]
[White "Izmailov, Anatoly"]
[Black "Maksichko, Vasily"]
[Result "0-1"]
[WhiteElo "1998"]
[BlackElo "1883"]
[PlyCount "120"]
[EventDate "2007.11.24"]
[EventType "swiss"]
[EventRounds "9"]
[EventCountry "RUS"]
[SourceTitle "EXT 2022"]
[Source "ChessBase"]
[SourceDate "2021.10.06"]
[SourceVersion "1"]
[SourceVersionDate "2021.10.06"]
[SourceQuality "1"]

1. Nc3 d5 2. e4 dxe4 3. Nxe4 b6 4. Bc4 e6 5. d3 Be7 6. Nh3 Nf6 7. f3 Nbd7 8. 0-0 0-0 9. a3 Ne5 10. Ba2 Bb7 11. Be3 c5 12. Qe1 Ng6 13. Rd1 Qc7 14. Bd2 b5 15. Nhf2 Nd5 16. Kh1 Ndf4 17. g3 Nd5 18. Nh3 Rac8 19. c3 h6 20. Bb1 Rfe8 21. Kg1 Qb6 22. c4 Nc7 23. Be3 f5 24. Nd2 e5 25. Qf2 Ne6 26. f4 Nd4 27. fxe5 Qc6 28. Ne4 fxe4 29. dxe4 Rf8 30. Qg2 Ne6 31. Nf4 Nxe5 32. Nd5 Rfe8 33. cxb5 Qxb5 34. Ba2 Kh8 35. Nxe7 Rxe7 36. Qh3 Qe2 37. Bxh6 Nf3+ 38. Kh1 gxh6 39. Bd5 Qxh2+ 40. Qxh2 Nxh2 41. Kxh2 Ng5 42. Bxb7 Rxb7 43. Rf2 Nxe4 44. Re2 Ng5 45. Rc2 Rbc7 46. g4 Kg7 47. Kg3 Kg6 48. Kf4 Ne6+ 49. Ke5 Rc6 50. b4 a6 51. Kd5 Nd8 52. bxc5 Kg5 53. Rc4 Kf6 54. Rb4 Ke7 55. Rdb1 Rg6 56. Rb6 Rg5+ 57. Ke4 Rxg4+ 58. Kf3 Rc4 59. Rxa6 h5 60. Ke3 R8xc5 0-1

[Event "Novokuznetsk-ch op"]
[Site "Novokuznetsk"]
[Date "2007.11.24"]
[Round "4"]
[White "Izmailov, Anatoly"]
[Black "Morokov, Anatoliy"]
[Result "1-0"]
[WhiteElo "1998"]
[BlackElo "1806"]
[PlyCount "61"]
[EventDate "2007.11.24"]
[EventType "swiss"]
[EventRounds "9"]
[EventCountry "RUS"]
[SourceTitle "EXT 2022"]
[Source "ChessBase"]
[SourceDate "2021.10.06"]
[SourceVersion "1"]
[SourceVersionDate "2021.10.06"]
[SourceQuality "1"]

1. Nc3 Nf6 2. e4 d6 3. d4 Nbd7 4. f4 Nb6 5. Nf3 Bg4 6. Be2 d5 7. e5 Ne4 8. Nxe4 dxe4 9. Ng5 Bxe2 10. Kxe2 Qd5 11. b3 h6 12. Nh3 0-0-0 13. Be3 h5 14. Rf1 f6 15. c4 Qg8 16. a4 g5 17. a5 gxf4 18. axb6 Qxg2+ 19. Ke1 a6 20. Nxf4 Qxh2 21. bxc7 Rd7 22. Nd5 Rxd5 23. cxd5 Rg8 24. Qe2 Rg2 25. Bf2 Bh6 26. Qxe4 Kxc7 27. d6+ exd6 28. exd6+ Kxd6 29. Qxb7 Bd2+ 30. Kxd2 a5 31. Qb8+ 1-0

[Event "Novokuznetsk-ch op"]
[Site "Novokuznetsk"]
[Date "2007.11.24"]
[Round "9"]
[White "Pantykin, Sergej"]
[Black "Izmailov, Anatoly"]
[Result "1-0"]
[WhiteElo "2160"]
[BlackElo "1998"]
[PlyCount "121"]
[EventDate "2007.11.24"]
[EventType "swiss"]
[EventRounds "9"]
[EventCountry "RUS"]
[SourceTitle "EXT 2022"]
[Source "ChessBase"]
[SourceDate "2021.10.06"]
[SourceVersion "1"]
[SourceVersionDate "2021.10.06"]
[SourceQuality "1"]

1. Nf3 f5 2. d4 g6 3. c4 Bg7 4. Nc3 Nh6 5. e4 d6 6. Be2 Nf7 7. Be3 0-0 8. Qd2 e5 9. dxe5 dxe5 10. 0-0-0 Qxd2+ 11. Rxd2 c6 12. Rhd1 b6 13. g3 Na6 14. Ng5 Nxg5 15. Bxg5 Kf7 16. Rd6 h6 17. Be3 Nb8 18. Bf3 f4 19. gxf4 exf4 20. Bd4 Bxd4 21. R1xd4 Re8 22. e5 Rxe5 23. Rxf4+ Bf5 24. Bxc6 Nxc6 25. Rxc6 Re1+ 26. Kd2 Rae8 27. Rc7+ Kf6 28. Rxa7 Rh1 29. Rb7 Rxh2 30. Rxb6+ Kg5 31. Nd5 Re5 32. Rf3 h5 33. Ne3 h4 34. Rb8 Rh1 35. Rh8 Rb1 36. Kc3 Ra5 37. a3 Rc1+ 38. Kb4 Re5 39. b3 Re1 40. Nxf5 Rxf5 41. Rxf5+ gxf5 42. a4 Re6 43. f4+ Kg4 44. a5 Re2 45. a6 Ra2 46. Kb5 h3 47. b4 h2 48. Kb6 Kxf4 49. c5 Kg3 50. c6 Ra4 51. Kb5 Ra1 52. c7 Rc1 53. Kb6 Rc4 54. Rxh2 Kxh2 55. b5 f4 56. a7 f3 57. a8Q f2 58. Qh8+ Kg3 59. Qf6 Rf4 60. Qxf4+ Kxf4 61. c8Q 1-0